000 00983nam a2200205Ii 4500
003 JO-AjNU
008 230605s9999||||xx |||||||||||||| ||und||
040 _aJO-AjNU
_bara
_erda
_cJO-AjNU
041 _aara
050 1 4 _aHG3982.7 .T87 2015
100 3 _aاعداد طريح، نفين محمد ابراهيم,
_eauthor
_951993
245 0 0 _aالحجم الأمثل للاحتياطي الأجنبي في مصر : نموذج للتحوط من الصدمات
264 3 1 _aالقاهرة: المنظمة العربية للتنمية الادارية، 2015
300 _a88ص
_bيحتوي على ببلوغرافية من 81-88ص
336 _atext
_btxt
_2rdacontent
337 _aunmediated
_bn
_2rdamedia
338 _avolume
_bnc
_2rdacarrier
490 0 _aاصدار خاص عن المجلة العربية للادارة
650 4 _aاحتياطات النقد الاجنبي - ادارة المخاطر المالية - الظروف الاقتصادية - مصر
_951994
999 _aA23005
_c26573
_d26573